000 01863ngm a22003970a 4500
001 PT19331
003 AR-LpoUNG
005 20210408170803.0
007 vd cvaizq
008 191001s2003||||ag |||||||||||||||||spa d
037 _c$16.63
040 _aAR-LpoUNG
_bspa
_cAR-LpoUNG
_eaacr
041 _aspa
044 _aag
082 0 _a982.065 316rub
100 1 _aCarri, Albertina
_edir.
245 1 4 _aLos rubios
260 _aBuenos Aires :
_bPrimer Plano Films,
_c2003.
300 _aVHS (89 min.) : son., col.
505 0 _aHecha en 2003. - Intérpretes, Analía Couceyro. - Creditos : Guión, Albertina Carri; producción, Albertina Carri y Barry Ellsworth; producción ejecutiva, Pablo Wisznia; jefe de producción, Paola Pelzmajer; asistente de dirección, Marcelo Zanelli y Santiago Giralt; fotografía, Catalina Fernández; cámara, Carmen Torres y Albertina Carri; montaje, Alejandra Almirón; música, Gonzalo Córdoba; sonido, Jésica Suárez; temas musicales, Ryuchi Sakamoto y Charly García.
520 _aLa directora del film utiliza la cámara para revelar los hechos basados en la vida emocional de sus padres, desaparecidos y asesinados durante la dictadura argentina. Consigue testimonios de antiguos compañeros, viejas fotografias, y ella y su equipo se embarcan en una búsqueda a través de la geografía e historia de Buenos Aires, tratando de conseguir un profundo entendimiento acerca de lo acontecido.
650 4 _aARGENTINA
650 4 _aASPECTOS SOCIALES
650 4 _aCONSECUENCIAS SOCIALES
650 4 _aDICTADURA
650 4 _aGOBIERNO MILITAR
651 4 _aArgentina
653 _aCINE ARGENTINO
653 _aREPRESION
653 _aVIDEOS
700 1 _aEllsworth, Barry
_eprod.
700 1 _aFernández, Catalina
_efot.
700 1 _aSúarez, Jesica
_eson.
905 _a19331
942 _cVideo
999 _c54525
_d54525